003940000a22001090004500090001700000245008800017041001400105100002900119942001300148773010600161999001700267 aASbSeriadas10aFamilia Phakopsoraceae en el neotrópico III, géneros: Batistopsora y Phakopsora0 aEspañol1 aBuriticá, Pablo999083 cARTICULO1 tRevista de la Academia Colombiana de Ciencias Exactas, Fisicas y Naturales332h87q271-305d1999g23 c14041d14041